| 000 | 00474nmm a2200157Ia 4500 | ||
|---|---|---|---|
| 008 | 251105s9999||||xx |||||||||||||||||und|| | ||
| 020 | _a8497430263 | ||
| 041 | _aspa | ||
| 100 | _aUmutesi, Marie-Béatrice | ||
| 245 | 0 | _aHuir o morir en el Zaire : testimonio de una refugiada ruandesa | |
| 264 |
_a[Madrid, España] : _bMilenio, _c2002 |
||
| 300 | _a375 páginas | ||
| 650 | _aHistory of Africa | ||
| 856 | _uhttps://public.digitaliapublishing.com/a/21260 | ||
| 942 | _cCF | ||
| 999 |
_c74250 _d74250 |
||